[Event "XXVII RUS-chT Women 2020"]
[Site "Sochi"]
[Date "2020.11.26"]
[Round "7.6"]
[White "Doroshenko, Diana"]
[Black "Girya, Olga"]
[Result "0-1"]
[WhiteElo "2204"]
[BlackElo "2469"]
[Annotator "TA"]
[PlyCount "83"]
[EventDate "2020.11.19"]
[EventType "team-tourn"]
[EventCountry "RUS"]
[SourceTitle "playchess.com"]
[Source "ChessBase"]
[SourceQuality "1"]

{[%evp 9,83,-21,6,4,7,-6,3,-68,-60,-93,-75,-208,-198,-293,-288,-328,-339,-332,-281,-282,-282,-302,-296,-310,-325,-313,-310,-400,-402,-389,-402,-396,-398,-403,-397,-434,-447,-434,-439,-429,-394,-406,-408,-431,-418,-428,-417,-529,-545,-542,-553,-622,-579,-611,-607,-683,-531,-525,-527,-527,-527,-500,-502,-567,-566,-551,-554,-587,-584,-633,-618,-617,-612,-6187,-6119,-29979]} 1. c4 Nf6 2. Nc3 e6 3. e4 c5 4. Nf3 Nc6 5. Bd3 d5 6. cxd5 {A34: Symmetrical English: 2 Nc3, lines with ...d5.} exd5 7. e5 {[#]} Nd7 $146 ({Predecessor:} 7... Ng4 8. O-O {1-0 (8) Philippy,M-Sondermann,D DESC email 2004}) 8. Qe2 (8. O-O $11) 8... c4 $15 9. e6 fxe6 10. Qxe6+ {[#]} (10. Bc2 $17 {keeps fighting.}) 10... Be7 $1 $19 11. Bxh7 ({Wrong is} 11. Nxd5 $2 Nde5 $19) (11. Bb1 $142 Nb6 12. Qe2) 11... Nde5 $1 {[%cal Re5f3]} 12. Bg6+ Kf8 13. Qxd5 Qxd5 14. Nxd5 Nxg6 15. b3 cxb3 16. axb3 Bg4 17. Nxe7 Kxe7 ({Resist} 17... Ncxe7 18. Ng5 $19) 18. Bb2 Nf4 19. Kf1 Bxf3 20. gxf3 Kf7 21. h4 Rad8 22. Ra4 Ne6 23. Bc3 Rh5 24. Rg4 Ne7 25. Rb4 Rd7 26. Ra4 a6 27. Rg1 Rb5 28. Rag4 Rxb3 {Black is clearly winning.} 29. Ke2 Nf5 30. h5 Ned4+ 31. Kd3 Nxf3+ 32. Kc4 {[%cal Rg4g7]} Rxc3+ 33. dxc3 Nxg1 34. Rxg1 {[%mdl 4096] Endgame KRN-KR} Nd6+ 35. Kb4 Ne4 36. Rg4 Nf6 37. Rh4 Rd8 38. Rc4 Ke6 39. Rc5 Rd5 40. Rc7 Rb5+ 41. Kc4 Ne8 42. Kd4 {White got outplayed after the opening.  Weighted Error Value: White=0.34/Black=0.09} 0-1

[Event "XXVII RUS-chT Women 2020"]
[Site "Sochi"]
[Date "2020.11.26"]
[Round "7.7"]
[White "Guseva, Marina"]
[Black "Khokhlova, Daria"]
[Result "1-0"]
[WhiteElo "2352"]
[BlackElo "2196"]
[Annotator "TA"]
[PlyCount "53"]
[EventDate "2020.11.19"]
[EventType "team-tourn"]
[EventCountry "RUS"]
[SourceTitle "playchess.com"]
[Source "ChessBase"]
[SourceQuality "1"]

{[%evp 11,53,5,36,0,0,-14,-16,-18,0,0,0,0,22,4,19,-12,0,17,1,18,30,26,105,104,110,101,290,293,581,591,572,482,858,861,1067,1062,1058,991,1020,1011,1075,1013,1677,1668]} 1. d4 Nf6 2. c4 e6 3. Nf3 b6 4. a3 Bb7 5. Nc3 Be7 6. Qc2 c5 7. dxc5 {E12: Queen's Indian: Unusual White 4th moves, 4 a3, 4 Nc3 Bb7 5 a3 and 4 Nc3 Bb7 .} bxc5 8. Bf4 Nh5 9. Bg3 {[#] The position is equal.} Nxg3 $146 ({Predecessor:} 9... f5 10. Be5 Bxf3 11. exf3 Nc6 12. f4 Nxe5 13. fxe5 Qb8 14. Be2 Qxe5 15. O-O Nf6 {0-1 (34) Salazar,A (2237)-Ruiz Aguilar,P (2294) Medelin 2011}) 10. hxg3 h6 11. e3 O-O 12. g4 Nc6 13. O-O-O Na5 14. Ne5 d6 15. f4 $40 {[%mdl 128] White attacks.} Qc8 16. Nf3 Bxf3 (16... Rb8 $11 {remains equal.}) 17. gxf3 $16 Qb7 {[#]} 18. g5 $1 {[%cal Rg5h6][%mdl 512]} Qxf3 $2 {This costs Black the game.} (18... Qb3 $16 {was necessary.}) (18... hxg5 19. Qh7#) 19. Rh3 $18 Qg4 $2 (19... Qb7 {was worth a try.} 20. Bg2 (20. gxh6 g6 $18) 20... Qb3) 20. Qh2 {White is clearly winning.} e5 21. Nd5 Bd8 (21... Rfe8 $142 22. Bd3 Nb3+ 23. Kc2 Rab8) 22. Bd3 e4 23. Rg1 Nb3+ 24. Kb1 Nd2+ 25. Ka2 Nf3 26. Rxf3 ({Not} 26. Rxg4 Nxh2 27. Rxh2 exd3 $16) 26... Qxf3 27. Be2 {Weighted Error Value: White=0.10/Black=0.50} 1-0

[Event "XXVII RUS-chT Women 2020"]
[Site "Sochi"]
[Date "2020.11.26"]
[Round "7.8"]
[White "Mukhina, Jana"]
[Black "Kovanova, Baira"]
[Result "0-1"]
[WhiteElo "2012"]
[BlackElo "2323"]
[Annotator "TA"]
[PlyCount "82"]
[EventDate "2020.11.19"]
[EventType "team-tourn"]
[EventCountry "RUS"]
[SourceTitle "playchess.com"]
[Source "ChessBase"]
[SourceQuality "1"]

{[%evp 19,82,2,0,-30,-10,-56,-12,-67,-59,-89,-92,-100,-106,-125,-30,-72,-78,-96,-99,-95,-103,-108,-97,-118,-110,-156,-152,-195,-138,-241,-237,-251,-250,-254,-236,-318,-212,-279,-265,-344,-336,-485,-485,-485,-485,-557,-541,-798,-762,-661,-652,-875,-875,-857,-853,-845,-829,-820,-750,-5624,-5595,-5608,-5185,-2974,-2183]} 1. e4 e5 2. Nf3 Nc6 3. d4 exd4 4. Bc4 Nf6 5. e5 d5 6. Bb5 Ne4 7. Nxd4 Bd7 8. Bxc6 bxc6 9. O-O Bc5 10. Be3 Bb6 11. c3 {C56: Two Knights: 4 d4 exd4 5 0-0 Nxe4.} O-O 12. f3 Ng5 13. Nd2 (13. f4 $11 Ne4 14. Nd2) 13... c5 $15 14. Nc2 Bf5 {[#]} 15. Bf2 $146 ({Predecessor:} 15. f4 Ne4 16. Nb3 c6 17. g4 Bc8 18. Qf3 f6 19. exf6 Qxf6 20. h3 Ba6 21. Rfe1 {0-1 (38) Hamkar,M (1673)-Wagner,B (1993) Walldorf 2017}) 15... Ne6 16. Nb3 c4 (16... Bg6 $17 17. a4 a5) 17. Nbd4 Bd3 $36 {[%mdl 2048] Keeping White busy. Black converts the advantage convincingly.} 18. Nxe6 fxe6 19. Bxb6 axb6 (19... cxb6 20. Rf2 $11) (19... Bxf1 $6 20. Bc5 $11) 20. Rf2 c5 21. Ne1 Bg6 22. a4 d4 23. Rd2 {[%cal Rc3d4]} Qd5 (23... d3 $19 24. b3 {[#]} b5 $1 {[%mdl 512]} 25. bxc4 bxc4) 24. Nc2 (24. cxd4 $17 Rfd8 25. f4) 24... Bxc2 $19 ({Not} 24... Qxe5 25. cxd4 cxd4 26. Re2 $17) 25. Qxc2 d3 ({Weaker is} 25... Qxe5 26. cxd4 cxd4 27. Rad1 $11) 26. Qd1 Qxe5 27. Qe1 Qd5 28. Qe3 {[#]} b5 $1 {[%mdl 512]} 29. Re1 (29. axb5 Rxa1+) 29... bxa4 ({But not} 29... Rxa4 30. Qxe6+ Qxe6 31. Rxe6 $19) 30. Qxe6+ (30. Ra1 $142) 30... Qxe6 {Black is clearly winning.} 31. Rxe6 {[%mdl 4096] Endgame KRR-KRR} a3 32. bxa3 Rxa3 33. Rc6 Rxc3 34. Rxc5 Ra8 35. Kf2 Ra1 36. Ke3 Rc2 37. Rc8+ Kf7 38. Rc7+ Kf6 39. f4 Re1+ 40. Kf2 Rd1 41. Rc6+ Ke7 {Weighted Error Value: White=0.67/Black=0.17} 0-1

[Event "XXVII RUS-chT Women 2020"]
[Site "Sochi"]
[Date "2020.11.26"]
[Round "7.9"]
[White "Vasilevich, Tatjana"]
[Black "Bodnaruk, Anastasia"]
[Result "1/2-1/2"]
[WhiteElo "2353"]
[BlackElo "2414"]
[Annotator "TA"]
[PlyCount "80"]
[EventDate "2020.11.19"]
[EventType "team-tourn"]
[EventCountry "RUS"]
[SourceTitle "playchess.com"]
[Source "ChessBase"]
[SourceQuality "1"]

{[%evp 10,80,0,0,44,0,0,0,0,-4,0,0,0,0,32,32,21,23,63,50,58,74,53,8,62,58,95,44,37,-13,0,0,0,0,-8,-4,-3,-10,-2,-54,-54,-59,-6,-8,-8,-89,-78,-83,-77,-77,-76,-75,-70,-83,-85,-87,-77,-75,-77,-77,-15,-10,-3,-1,0,0,0,-15,0,0,0,-14,0]} 1. e4 c5 2. Nf3 d6 3. d4 cxd4 4. Nxd4 Nf6 5. f3 e5 6. Nb3 a5 {B55: Sicilian: 2...d6 3 d4 cxd4 4 Nxd4 Nf6 5 f3.} 7. Bg5 Be7 8. Nc3 O-O 9. Bb5 Be6 10. Qd2 Nc6 11. Rd1 Qb6 12. Be3 Qc7 $1 13. O-O {[#]} b6 $146 ({Predecessor:} 13... Nb4 14. a3 Nc6 15. Qf2 Bd8 16. Rd2 Qe7 17. Rfd1 Bc7 18. Na4 Nh5 19. Nb6 Rad8 20. Bxc6 bxc6 21. Nxa5 {1-0 (28) Zvjaginsev,V (2631)-Damljanovic,B (2561) Herceg Novi 2001}) 14. Qf2 Rab8 15. Rd2 Na7 16. Rfd1 Rfd8 (16... Nxb5 $11 17. Nxb5 Qc6 18. Nxd6 Rfd8) 17. Bf1 Nd7 18. f4 (18. a4 $16) 18... Nf6 $1 $14 19. h3 (19. f5 {feels hotter.} Bd7 20. Qg3 Bc6 21. Bh6 Bf8 22. Bg5) 19... a4 $1 {[%cal Ra4b3]} 20. fxe5 (20. Nxa4 Nxe4 21. Qe1 Nxd2 $17) 20... dxe5 21. Rxd8+ Bxd8 22. Nxa4 Nxe4 23. Qf3 f5 (23... Qxc2 $2 24. Rc1 $18) 24. g4 ({Better is} 24. Bd3 $11) 24... g6 $15 (24... Qxc2 $2 25. Rc1 $18) 25. gxf5 Bxf5 ({Black should play} 25... gxf5 $15 26. Bd3 Nd6) 26. Bd3 Qc6 27. Nc3 (27. c4 $11) 27... Nxc3 $17 {[%mdl 64] [#] Discovered Attack} 28. Qxc6 Nxc6 29. bxc3 Bxh3 30. Nd2 Bf5 31. Bb5 Na5 ({But not} 31... Bxc2 $2 32. Rc1 $18) 32. Nf3 Bc7 33. Bh6 Bg4 34. Rf1 Rd8 (34... Bd6 $17 {With the idea ...Rc8.} 35. Ng5 Be7) 35. Ng5 $11 {Rf7! is the strong threat.The position is equal.} Bf5 {[#] Threatening ...e4.} 36. Bd3 $1 {[%mdl 512]} Rd6 ({Wrong is} 36... Bxd3 $2 37. cxd3 Bd6 38. Nf7 $18) 37. Ne4 Rd8 38. Ng5 Rd6 (38... Bxd3 $2 39. cxd3 Bd6 40. Nf7 $18) 39. Ne4 Rd8 40. Ng5 Rd6 {Weighted Error Value: White=0.11/Black=0.14} ({Don't go for} 40... Bxd3 $2 41. cxd3 Bd6 42. Nf7 $18) 1/2-1/2

[Event "XXVII RUS-chT Women 2020"]
[Site "Sochi"]
[Date "2020.11.26"]
[Round "7.10"]
[White "Ovod, Evgenija"]
[Black "Gritsayeva, Oksana"]
[Result "0-1"]
[WhiteElo "2338"]
[BlackElo "2351"]
[Annotator "TA"]
[PlyCount "56"]
[EventDate "2020.11.19"]
[EventType "team-tourn"]
[EventCountry "RUS"]
[SourceTitle "playchess.com"]
[Source "ChessBase"]
[SourceQuality "1"]

{[%evp 10,56,33,0,1,0,69,24,32,-7,29,-12,-20,-75,-72,-114,-110,-286,-275,-278,-233,-366,-270,-267,-256,-258,-162,-156,-127,-139,-152,-186,-127,-356,-344,-943,-963,-943,-952,-1849,-1836,-2175,-1166,-2687,-2517,-29985,-29986,-3508,-3203]} 1. e4 c6 2. d4 d5 3. e5 Bf5 4. h4 h6 5. g4 Bd7 6. h5 c5 {B12: Caro-Kann: Advance Variation.} 7. dxc5 Nc6 (7... e6 $11) 8. f4 Qa5+ {[#] White has an edge.} 9. Nd2 $146 ({Predecessor:} 9. Bd2 Qxc5 10. Nc3 f6 11. Qe2 Nd4 12. Qd3 O-O-O 13. O-O-O fxe5 14. fxe5 Nc6 15. Be3 Qa5 {½-½ (15) Billon,O (2149)-Saada,J (2310) Creon 2011}) 9... f6 10. c3 fxe5 11. Nb3 (11. fxe5 $11 {remains equal.} Qc7 12. Ndf3) 11... Qa4 {[#] White must now prevent ...Qe4+.} 12. Qxd5 exf4 {...Nf6 is the strong threat.} 13. Bc4 $2 (13. Nd2 $17 O-O-O 14. Qb3 Qxb3 15. axb3) 13... O-O-O $19 {aiming for ...Nf6.} 14. Bxf4 Nf6 15. Qf7 (15. Qd3 {was forced.}) 15... e5 16. Bg3 Re8 (16... Bxg4 17. Ne2 $15) 17. Nd2 Qc2 18. Ne2 Bxc5 {[#] Strongly threatening ...Be3.} 19. Bb3 Qd3 $36 {[%mdl 2048] Black has strong initiative.} ({Reject} 19... Qxb2 20. Rb1 $11) 20. Bc4 Qh7 (20... Qe3 $19 21. Rf1 Rhf8) 21. g5 $2 (21. Qg6 $17) 21... hxg5 22. Nf3 $2 (22. Rf1) 22... Re7 23. Nxg5 Qf5 ({Not} 23... Rxf7 24. Nxh7 Re7 25. Nxf6 $17) 24. h6 Qxg5 25. Rh5 Qxh5 26. hxg7 Rxf7 27. Bxf7 Qh1+ 28. Kd2 Qh6+ {[%mdl 64] Double Attack.  Weighted Error Value: White=1.27/Black=0.38} 0-1

[Event "XXVII RUS-chT Women 2020"]
[Site "Sochi"]
[Date "2020.11.26"]
[Round "7.11"]
[White "Tomilova, Elena"]
[Black "Belenkaya, Dina"]
[Result "1/2-1/2"]
[WhiteElo "2358"]
[BlackElo "2283"]
[Annotator "TA"]
[PlyCount "157"]
[EventDate "2020.11.19"]
[EventType "team-tourn"]
[EventCountry "RUS"]
[SourceTitle "playchess.com"]
[Source "ChessBase"]
[SourceQuality "1"]

{[%evp 14,157,39,8,23,21,35,16,36,16,23,27,27,31,41,18,25,28,40,14,33,33,29,0,17,16,14,10,16,11,24,12,23,0,25,26,60,8,57,68,90,33,56,15,19,-28,0,-8,18,0,31,28,53,16,54,39,77,67,89,58,65,43,45,68,121,47,57,32,53,53,138,53,48,31,26,12,89,0,67,59,75,0,0,-41,-31,-50,0,-12,-4,0,85,78,76,82,84,42,63,0,0,-62,0,0,0,0,0,0,0,0,0,0,90,90,129,85,85,85,85,85,85,85,85,56,94,20,31,20,20,20,32,32,32,12,14,0,32,8,71,71,71,71,71,70,71,70,70,70]} 1. d4 d5 2. c4 dxc4 3. Nf3 Nf6 4. e3 Bg4 5. Bxc4 e6 6. h3 Bh5 7. O-O Nbd7 8. b3 Bd6 {D25: Queen's Gambit Accepted: 4 e3: sidelines and 4...Bg4.} 9. Bb2 {[#]} Ne4 $146 ({Predecessor:} 9... O-O 10. Nbd2 Qe7 11. g4 Bg6 12. Ne5 c5 13. f4 cxd4 14. exd4 Nb6 15. Qf3 Bb4 16. Rad1 {0-1 (30) Erigaisi,A (2559)-Aravindh,C (2641) chess.com INT 2020}) 10. Be2 O-O {The position is equal.} 11. Nbd2 Nxd2 12. Nxd2 Bxe2 13. Qxe2 Qh4 14. Rac1 c6 15. e4 Rfd8 16. e5 Bc7 17. Ne4 Nf8 18. Rcd1 Ng6 19. Bc1 {And now Bg5 would win.} h6 $1 20. Rd3 Rd5 21. f4 Rad8 22. Kh2 Qe7 $1 ({But not} 22... Rxd4 $2 23. Rxd4 Rxd4 {[#]} 24. Nf6+ $1 {[%mdl 512]} gxf6 25. g3 $18) 23. Be3 Qa3 24. Nc5 Qb4 25. a3 (25. Rfd1 $14) 25... Qb6 (25... Qxc5 $5 26. dxc5 Rxd3 $14) 26. b4 Bb8 27. Rc1 (27. Rd2 $16) 27... a6 28. a4 Ba7 ({Don't blunder} 28... Qxb4 $2 29. Rb3 $18) 29. Rcd1 Qc7 30. Ne4 Qe7 31. Qe1 Kh8 32. g3 Bb8 33. Kg2 Kh7 34. h4 f6 {[%cal Rf6e5]} 35. h5 Nh8 36. exf6 gxf6 37. Qe2 Nf7 38. Bf2 Rg8 (38... Re8 $14) 39. Nc5 (39. Nc3 $16) 39... Nd8 $14 40. Re1 Qf7 41. Nxe6 Rxh5 (41... Nxe6 $14 42. Qxe6 Kg7) 42. Nc5 (42. Qe4+ $16 f5 43. Qe2 Nxe6 44. Qxe6 Qxe6 45. Rxe6) 42... Bd6 43. Ne4 Rd5 44. Nc3 Rh5 (44... Bxb4 $11 45. Nxd5 Bxe1 46. Nxf6+ Qxf6 47. Qe4+ Qg6 48. Qxg6+ Rxg6 49. Bxe1 Rd6) 45. Ne4 ({Better is} 45. b5 $16) 45... Be7 (45... Rd5 $1 $11) 46. Re3 $36 {[%mdl 2048] White has good play.} Qd5 47. Rf3 (47. Qf3 $16) 47... Kh8 48. Rh1 Rxh1 49. Kxh1 Qh5+ 50. Kg2 Ne6 {White must now prevent ...Nxf4+!} 51. Nc3 Qg4 (51... Qf5 $11) 52. d5 $16 cxd5 53. Nxd5 Bd6 54. Be3 Qf5 55. Qd2 (55. Qc4 $14) 55... Rd8 $11 56. Bd4 (56. Qc3 $11) 56... Nxd4 (56... Bf8 $15 57. Ne3 Rxd4 58. Qxd4 Nxd4 59. Nxf5 Nxf5) 57. Qxd4 Bxb4 58. Qxf6+ Qxf6 59. Nxf6 $15 {[%mdl 4096] Endgame KRB-KRN} Be7 60. Ng4 h5 61. Ne5 {Threatens to win with Nf7+. Cut Off at move 61} Kg7 (61... Rd2+ $11 {keeps the balance.} 62. Kh3 Bf6) 62. Rb3 $16 Rd2+ 63. Kf3 b5 64. axb5 axb5 65. Rxb5 Bf6 66. Rb7+ Kg8 67. Nd7 Bg7 68. f5 (68. Nc5 $16) 68... Rd3+ 69. Kf4 Bh6+ 70. Ke5 {Nf6+ is the strong threat.} Rxg3 71. Nf6+ {[%mdl 64] [#] Double Attack} Kf8 72. Nxh5 Rg1 73. f6 Bg5 74. Kf5 Bxf6 (74... Bh4 $11 {remains equal.}) 75. Kxf6 {[%cal Rb7b8]} Rf1+ 76. Kg6 Rg1+ 77. Kh6 Rh1 78. Rb5 Ke7 79. Kg5 {Weighted Error Value: White=0.22/Black=0.20} 1/2-1/2

[Event "XXVII RUS-chT Women 2020"]
[Site "Sochi"]
[Date "2020.11.26"]
[Round "7.12"]
[White "Chernyak, Viktoria"]
[Black "Potapova, Margarita"]
[Result "1/2-1/2"]
[WhiteElo "2325"]
[BlackElo "2266"]
[Annotator "TA"]
[PlyCount "109"]
[EventDate "2020.11.19"]
[EventType "team-tourn"]
[EventCountry "RUS"]
[SourceTitle "playchess.com"]
[Source "ChessBase"]
[SourceQuality "1"]

{[%evp 17,109,0,0,8,0,-31,-17,-15,12,-11,0,-10,52,0,0,0,-7,-10,12,13,12,-31,-31,-47,-18,-8,-19,-82,-86,-93,-23,-45,0,-117,-106,-173,-166,-175,-181,-184,-180,-180,-175,-151,-73,-215,-140,-136,-151,-127,-127,-252,-19,-19,-11,-17,-18,-21,-20,-19,-22,-44,-9,-17,-8,-8,-3,-3,0,0,0,-3,0,-7,-7,-8,-2,-3,0,-6,0,-7,0,-2,0,0,0,0,0,0,0,0,0,-795]} 1. c4 Nf6 2. Nf3 e6 3. g3 d5 4. Bg2 dxc4 5. Qa4+ Nbd7 6. Qxc4 a6 7. Qc2 c5 8. O-O b5 9. a4 Bb7 10. Nc3 $1 {[%mdl 4] is currently scoring better than 10.d3. A13: English Opening: 1...e6.} Qb6 11. b3 {[#]} Rc8 $146 ({Predecessor:} 11... Be7 12. Bb2 O-O 13. d3 Rfd8 14. Rfd1 Rac8 15. axb5 axb5 16. Bc1 h6 17. Bf4 Nd5 18. Nxd5 Bxd5 {0-1 (39) Atabayev,M (2475)-Bluebaum,M (2644) Moscow 2019}) 12. Qa2 b4 13. a5 Qc7 14. Nd1 c4 (14... Be7 $11) 15. Ne3 ({White should play} 15. bxc4 $1 $14 Qxc4 16. Qxc4 Rxc4 17. Ne3) 15... cxb3 $11 16. Qxb3 Be7 17. d3 O-O 18. Bd2 Nd5 19. Nxd5 Bxd5 20. Qb1 Qb8 21. e4 Ba8 22. d4 (22. Ra2 $11 {remains equal.}) 22... b3 $17 23. Re1 Nf6 (23... Rc2 $17 24. Bf1 f5) 24. Qd3 $11 Qb5 25. Bf1 (25. Qxb5 $11 axb5 26. Reb1) 25... Qb7 {[%cal Rf6e4]} 26. Qxa6 (26. d5 $17 {was worth a try.}) 26... Nxe4 $19 27. Qxb7 Bxb7 28. a6 Bd5 29. Reb1 Rc2 30. Be1 Nf6 (30... Ra2 $142 {White must now prevent ...Ba3.} 31. Rd1 Rc8) 31. Bg2 (31. Nd2 $17 b2 32. Ra4) 31... Ra8 32. Nd2 b2 33. Ra4 Rc1 {Strongly threatening ...Ne4!} 34. a7 {[#]} (34. Bxd5 $17 Nxd5 35. Rxb2 Rxe1+ 36. Kg2) 34... g6 $2 (34... Ne4 $1 $19 {[%cal Re4d2][%mdl 512] And now ...Nxd2 would win.} 35. Rxb2 (35. Nxe4 Rxb1) 35... Rxe1+ 36. Nf1 f5) 35. Kf1 $11 Rc7 36. Rxb2 {aiming for Rb8+.} Raxa7 37. Rxa7 Rxa7 38. Bxd5 Nxd5 39. Nf3 Kg7 40. Bd2 {The position is equal.} Bf6 41. h4 h5 42. Ke2 Rd7 43. Ne5 Ra7 44. Nf3 Ne7 45. Bf4 Nc6 46. Be3 Rd7 47. Rc2 Ne7 48. Ra2 Nf5 49. Ra4 Rd5 50. Rb4 Ra5 51. Rb7 Ra2+ 52. Kd3 Ra3+ 53. Ke2 Ra2+ 54. Kd3 Ra3+ 55. Ke4 $2 {[%mdl 40960] Weighted Error Value: White=0.20/Black=0.23. An unexpected result.} (55. Ke2 $11) 1/2-1/2

[Event "XXVII RUS-chT Women 2020"]
[Site "Sochi"]
[Date "2020.11.26"]
[Round "7.13"]
[White "Elnikova, Milena"]
[Black "Shafigullina, Zarina"]
[Result "0-1"]
[WhiteElo "1435"]
[BlackElo "2302"]
[Annotator "TA"]
[PlyCount "64"]
[EventDate "2020.11.19"]
[EventType "team-tourn"]
[EventCountry "RUS"]
[SourceTitle "playchess.com"]
[Source "ChessBase"]
[SourceQuality "1"]

{[%evp 9,64,7,38,25,58,55,141,108,109,90,135,64,79,64,59,63,131,110,144,120,250,242,295,291,287,287,493,487,473,478,559,557,439,256,478,0,0,0,0,-11,0,-76,-75,-68,-73,-109,-108,-102,-104,-222,-224,-193,-193,-967,-959,-29980,-5008]} 1. d4 Nf6 2. Bf4 d5 3. Nf3 Bf5 4. e3 c6 5. Bd3 Be4 6. O-O {[#] D02: 1 d4 d5 2 Nf3 sidelines, including 2...Nf6 3 g3 and 2...Nf6 3 Bf4.} h6 $146 ({Predecessor:} 6... e6 7. Nbd2 Bd6 8. Ne5 Bxd3 9. cxd3 Qc7 10. Bg3 Nbd7 11. f4 O-O 12. Rc1 Qb6 13. Nxd7 Nxd7 {1-0 (45) Malyuga,V (2194)-Solovey,V Zelenograd 2011}) 7. Bxe4 dxe4 (7... Nxe4 $14 8. c4 e6) 8. Ne5 {White is clearly better.} g5 9. Bg3 Nbd7 10. c4 (10. c3 $16) 10... h5 $14 {Threatening ...h4.} 11. h3 h4 12. Bh2 Rg8 (12... Nxe5 $14 13. Bxe5 Rg8) 13. Nc3 Qc8 14. f3 Bh6 (14... exf3 $16 15. Qxf3 (15. Rxf3 Nxe5 16. dxe5 g4 $14) 15... Rg7) 15. Ng4 $18 ({Not} 15. fxe4 g4 $11) (15. Nxe4 $6 Nxe4 16. Ng4 (16. fxe4 Nxe5 17. Qh5 Qe6 $16) 16... Ng3 $16) 15... Bg7 16. fxe4 ({Don't take} 16. Nxe4 $6 Bh8 $18) 16... Nxg4 17. Qxg4 Bh8 $2 (17... Nb6 18. Qxg5 Qe6) 18. e5 Nb6 {Black hopes to continue with ...Qxg4.} 19. Qf3 Qe6 20. d5 Qg6 {[#]} 21. b3 (21. e6 $142 $1 {[%mdl 512]} f6 (21... fxe6 22. dxc6) 22. dxc6 bxc6 23. c5) 21... Nd7 $2 {[#]} (21... g4 {might work better.} 22. hxg4 Rc8) 22. Qf5 $2 ({White must play} 22. e6 $1 $18 {[%mdl 512]} Bxc3 (22... fxe6 23. dxc6) 23. dxc6 (23. exd7+ Kxd7 24. Rac1 Bb2 $16) 23... Qxe6 24. cxd7+ Kf8 25. Rad1) 22... Qxf5 $11 23. Rxf5 {And now Raf1 would win.} e6 24. Rf2 Nxe5 25. Raf1 {[#]} (25. dxe6 $11 {remains equal.} fxe6 26. Ne4) 25... g4 $1 $17 {[%cal Rg4g3] ...g3 is the strong threat.} 26. Bxe5 Bxe5 27. Ne4 cxd5 28. cxd5 exd5 29. Nf6+ (29. Rf5 $17 {only move.} f6 30. Nxf6+ Bxf6 31. Rxf6 gxh3 32. R1f2) 29... Bxf6 $19 30. Rxf6 gxh3 31. Rxf7 $2 (31. R1f2) 31... hxg2 32. R1f2 Rc8 {What a bad dream for White.  Weighted Error Value: White=1.04/Black=0.39} (32... h3 $142 33. Rh7 Rc8 34. Rf1 gxf1=N+ 35. Kxf1 Rc1+ 36. Ke2 Rg2+ 37. Kd3 h2 38. Rh8+ Kf7 39. Rh4 h1=Q 40. Rxh1 Rxh1 41. Kd4 Rd1+ 42. Ke5 Rxa2 43. Kd6 Rb2 44. b4 Rxb4 45. Kd7 Rc1 46. Kd6 d4 47. e4 Rb5 48. Kd7 d3 49. Kd8 d2 50. Kd7 d1=Q#) 0-1

[Event "XXVII RUS-chT Women 2020"]
[Site "Sochi"]
[Date "2020.11.26"]
[Round "7.14"]
[White "Yakimova, Mariya"]
[Black "Gubernatorova, Lyudmila"]
[Result "1-0"]
[WhiteElo "2244"]
[BlackElo "2200"]
[Annotator "TA"]
[PlyCount "103"]
[EventDate "2020.11.19"]
[EventType "team-tourn"]
[EventCountry "RUS"]
[SourceTitle "playchess.com"]
[Source "ChessBase"]
[SourceQuality "1"]

{[%evp 25,103,52,57,2,20,0,0,0,0,-9,0,0,165,56,109,83,97,76,156,150,162,164,326,184,187,0,250,235,237,194,184,183,179,95,88,80,254,237,217,216,499,482,913,183,209,176,327,324,308,214,214,221,29992,0,29993,29994,29994,29995,29995,29986,29986,696,29987,29988,29988,29989,29990,29988,29991,29992,29992,1282,29984,29985,29983,1037,29984,29985,29985,29986]} 1. d4 Nf6 2. c4 c5 3. d5 e6 4. Nc3 exd5 5. cxd5 d6 6. Nf3 g6 7. e4 a6 8. a4 Bg4 9. Be2 Bxf3 10. Bxf3 Bg7 11. O-O O-O 12. Bf4 Ne8 13. Re1 Nd7 {[#]} 14. Bg3 $146 {A75: Modern Benoni: Classical: 9...a6 10 a4 Bg4.} (14. Bg4 $14) ({Predecessor:} 14. Be2 Rb8 15. Qc2 Qe7 16. Bf1 Nef6 17. Qd2 Rfe8 18. h3 Nh5 19. Bg5 Qf8 20. g4 h6 21. Be3 Nhf6 {0-1 (111) Chu,W (2387)-Idani,P (2590) Qinhuangdao 2019}) 14... Be5 15. Bg4 Bxg3 16. hxg3 {The position is equal.} Nef6 17. Bh3 Re8 18. f4 Nh5 $2 (18... h5 $11 {and Black stays safe.}) 19. Qf3 (19. e5 $1 $18) 19... f6 ({Better is} 19... Nhf6 $14) 20. Be6+ Kh8 21. Qg4 Nf8 ({Black should play} 21... Re7) 22. f5 $16 Re7 23. Qh4 $36 {[%mdl 2048] White has strong initiative.} Kg7 $2 (23... Ng7 {was necessary.} 24. a5 (24. Qxf6 gxf5 25. Bxf5 Re5 $16) 24... Ne8) 24. Qh2 (24. Rf1 $142) 24... Kh8 $18 25. Qh4 $2 (25. g4 $18 Ng7 26. Qh6) 25... Rc7 $2 (25... Kg7 $1 $11) 26. fxg6 Ng7 27. Bf5 Qe7 28. g4 Qe5 29. Re3 ({White should try} 29. a5 $18) 29... Nxf5 $16 30. gxf5 Qd4 $2 (30... Kg8 $16) 31. Kf2 Rg7 32. Rh1 Nd7 $2 (32... Qe5 33. a5 Re8) 33. Ne2 $18 Qxb2 {[#]} (33... Qe5 $142 34. Qf4 Re8 35. Qxe5 fxe5) 34. Reh3 $2 (34. Qxh7+ $1 {[%mdl 512]} Rxh7 35. Rxh7+ Kg8 36. Rxd7) 34... Nf8 35. Qf4 Re8 $2 (35... Rd8 36. Rg3 Rdd7) 36. Qxd6 Kg8 37. Rg3 {Intending gxh7+ and mate.} hxg6 {[#]} 38. Rgh3 $1 {[%cal Rh3h8] White wants to mate with Rh8+.} gxf5 $2 (38... Qe5 $18 39. Qxe5 (39. Rh8+ Kf7 $16) 39... Rxe5) 39. Rh8+ Kf7 {[#]} 40. Rxf8+ $1 {[%mdl 576] Remove Defender, Deflection} Rxf8 41. Qe6+ {[%mdl 64] Double Attack} Kg6 42. Qxf5+ Kf7 43. Qe6+ Kg6 {intending ...Qe5.} 44. Kf3 Qb3+ 45. Kg4 {[%cal Re2f4]} Rgg8 46. Nf4+ Kg7 47. Kf5 Rf7 48. Rh3 (48. Qd6 $142 Re8 49. Nh5+ {[%mdl 64] Double Attack} Kg8 50. Nxf6+ Rxf6+ 51. Qxf6 Re5+ 52. Qxe5 Qh3+ 53. Rxh3 Kf8 54. Rh8+ Kf7 55. Qf6#) 48... Qb2 49. Nh5+ Kf8 50. Qc8+ {[%mdl 64] Double Attack} Ke7 {[#]} 51. d6+ $1 {[%mdl 576] Decoy} Kxd6 52. Rd3+ {Weighted Error Value: White=0.51/Black=0.60} 1-0